00832nam a22001937a 4500003000400000008004100004020001800045082001500063100002100078245006700099250001300166260003800179300001100217650001200228942001200240999001700252952018500269952018400454OSt240329b |||||||| |||| 00| 0 eng d a9788125030089 a801.95 NAE aNAGARAJAN, M. S. aEnglish Literary Criticism and Theory: An Introductory History aIst. ed. aTelanganabOrient BlackSwanc2020 a312 p. aEnglish 2ddccBK c12341d12341 00102ddc40708BAHONSENGaPIETNCRbPIETNCRd2024-03-23eZafaa Books & DistributorsfIn Rupeesg435.00kZBD0458l0o801.95 NAEpN3543r2024-03-29 00:00:00v304.50w2024-03-23yREF 00102ddc40708BAHONSENGaPIETNCRbPIETNCRd2024-03-23eZafaa Books & DistributorsfIn Rupeesg435.00kZBD0458l0o801.95 NAEpN3544r2024-03-29 00:00:00v304.50w2024-03-23yBK